[Event "Verbandsliga Nordbaden 2223"]
[Site "Germany"]
[Date "2023.02.12"]
[Round "6.3"]
[White "Hess, Markus"]
[Black "Wiederspahn, Markus"]
[Result "1/2-1/2"]
[WhiteElo "2127"]
[BlackElo "1991"]
[PlyCount "38"]
[EventDate "2022.09.25"]
[EventType "team-tourn"]
[EventRounds "9"]
[EventCountry "GER"]
[SourceTitle "EXT 2024"]
[Source "ChessBase"]
[SourceDate "2023.10.10"]
[SourceVersion "1"]
[SourceVersionDate "2023.10.10"]
[SourceQuality "1"]
[WhiteTeam "Walldorf II"]
[BlackTeam "Forst"]
[WhiteTeamCountry "GER"]
[BlackTeamCountry "GER"]

1. e4 e5 2. Nc3 Bc5 3. g3 Nf6 4. Bg2 Nc6 5. Nge2 a6 6. 0-0 d6 7. Nd5 Bg4 8. h3 Bxe2 9. Qxe2 Nxd5 10. exd5 Ne7 11. c3 0-0 12. d3 f5 13. Kh2 Ng6 14. Bd2 f4 15. Be4 Qf6 16. Bxg6 fxg3+ 17. fxg3 Qxg6 18. Rxf8+ Rxf8 19. Rf1 Rf6 1/2-1/2

[Event "Verbandsliga Nordbaden 2223"]
[Site "Germany"]
[Date "2022.10.16"]
[Round "2.3"]
[White "Ungerer, Markus"]
[Black "Wiederspahn, Markus"]
[Result "1-0"]
[WhiteElo "2131"]
[BlackElo "1991"]
[PlyCount "61"]
[EventDate "2022.09.25"]
[EventType "team-tourn"]
[EventRounds "9"]
[EventCountry "GER"]
[SourceTitle "EXT 2024"]
[Source "ChessBase"]
[SourceDate "2023.10.10"]
[SourceVersion "1"]
[SourceVersionDate "2023.10.10"]
[SourceQuality "1"]
[WhiteTeam "Pforzheim"]
[BlackTeam "Forst"]
[WhiteTeamCountry "GER"]
[BlackTeamCountry "GER"]

1. e4 c5 2. Nf3 e6 3. d4 cxd4 4. Nxd4 a6 5. Nc3 Qc7 6. Bd3 Nc6 7. Nxc6 dxc6 8. 0-0 Nf6 9. Be3 e5 10. f3 Be7 11. a4 a5 12. Bc4 0-0 13. Qe2 Re8 14. Qf2 Bb4 15. Na2 Bd6 16. Nc1 Be6 17. Bxe6 Rxe6 18. Nb3 Nd7 19. Rfd1 b5 20. Nc5 Bxc5 21. Bxc5 b4 22. Rd3 Nxc5 23. Qxc5 Qe7 24. Qxe7 Rxe7 25. Rad1 Kf8 26. Kf2 Rc8 27. Ke3 Ke8 28. Rd6 Rb7 29. Kd3 Rd8 30. Kc4 Rbd7 31. Kc5 1-0

[Event "Verbandsliga Nordbaden 2223"]
[Site "Germany"]
[Date "2022.09.25"]
[Round "1.3"]
[White "Pyvovar, Igor"]
[Black "Wiederspahn, Markus"]
[Result "1/2-1/2"]
[WhiteElo "2144"]
[BlackElo "1991"]
[PlyCount "54"]
[EventDate "2022.09.25"]
[EventType "team-tourn"]
[EventRounds "9"]
[EventCountry "GER"]
[SourceTitle "EXT 2024"]
[Source "ChessBase"]
[SourceDate "2023.10.10"]
[SourceVersion "1"]
[SourceVersionDate "2023.10.10"]
[SourceQuality "1"]
[WhiteTeam "Ettlingen II"]
[BlackTeam "Forst"]
[WhiteTeamCountry "GER"]
[BlackTeamCountry "GER"]

1. Nf3 d5 2. g3 g6 3. Bg2 Bg7 4. 0-0 e5 5. d3 Ne7 6. Nbd2 0-0 7. c4 c6 8. Qc2 h6 9. Rb1 Be6 10. b4 Nd7 11. Rd1 Rc8 12. Bb2 b5 13. a4 a6 14. Ra1 Qb6 15. c5 Qc7 16. axb5 axb5 17. Ra5 Ra8 18. Rda1 Rxa5 19. Rxa5 Qb7 20. Qc1 Ra8 21. Qa1 Rxa5 22. Qxa5 f5 23. e4 fxe4 24. dxe4 d4 25. Ne1 g5 26. Nd3 Ng6 27. Bc1 Qc8 1/2-1/2

[Event "Untergrombach op 34th"]
[Site "Untergrombach"]
[Date "2017.01.04"]
[Round "3"]
[White "Wiederspahn, Markus"]
[Black "Reinhardt, Bernd"]
[Result "1/2-1/2"]
[WhiteElo "2007"]
[BlackElo "2234"]
[PlyCount "58"]
[EventDate "2017.01.03"]
[EventType "swiss"]
[EventRounds "7"]
[EventCountry "GER"]
[SourceTitle "CBM 176 Extra"]
[Source "ChessBase"]
[SourceDate "2017.03.02"]
[SourceVersion "1"]
[SourceVersionDate "2017.03.02"]
[SourceQuality "1"]

1. c4 g6 2. Nc3 Bg7 3. d4 d6 4. e4 e5 5. dxe5 dxe5 6. Qxd8+ Kxd8 7. Bg5+ f6 8. Be3 Be6 9. 0-0-0+ Nd7 10. Nf3 Bh6 11. Bxh6 Nxh6 12. h3 Nf7 13. Be2 Nd6 14. b3 Kc8 15. Ne1 Nc5 16. f3 a5 17. Nd3 Nxd3+ 18. Bxd3 b6 19. Bc2 Kb7 20. Rd2 Raf8 21. Rhd1 Kc6 22. Nd5 Bxd5 23. cxd5+ Kb7 24. Bd3 Rf7 25. Rc2 Re8 26. Kd2 f5 27. Ke3 Ree7 28. a4 Ka7 29. Ra1 Nb7 1/2-1/2